Balettbemutató a színházban

Elmentve itt :
Bibliográfiai részletek
Dokumentumtípus: Cikk
Megjelent: 1965-06-01
Sorozat:Délmagyarország 55 No. 127
Kulcsszavak:Színházi élet táncjáték Szeged 1965, 1965
Online Access:http://dmarchiv.bibl.u-szeged.hu/74972
LEADER 00433nab a2200145 i 4500
001 delm74972
005 20180928082624.0
008 180928s1965 hu o 0|| hun d
040 |a SZTE Délmagyarország Archívum  |b hun 
041 |a hun 
245 0 0 |a Balettbemutató a színházban  |h [elektronikus dokumentum] 
260 |c 1965-06-01 
300 |a 5 
490 0 |a Délmagyarország  |v 55 No. 127 
695 |a Színházi élet táncjáték Szeged 1965, 1965